000 00680nam a22001697a 4500
999 _c80943
_d80943
008 201130b ||||| |||| 00| 0 eng d
040 _bger
_cDE-2950
_erda
_aDE-2950
041 _ager
245 _aWojewode verbittet sich Spenden für Covid-Klinik.
_bPandemie: Seit Oktober wurde in Frankfurt für Patienten in Slubice gesammelt. Das ist nicht mehr erwünscht /
653 _aFrankfurt (Oder) / Slubice
653 _aPandemie / Corona
773 _dFrankfurt (Oder): Märkisches Verlags- und Druckhaus GmbH & Co KG
_g32. Jahrgang (2021) Nr. 88 vom 16.04.2021, S. 15
_tMärkische Oderzeitung
942 _cA